01295nam a2200277 i 4500003000900000005001700009008004100026040004300067041001800110082002200128110004400150245019700194246010700391264006100498300002300559336002200582337002400604338003300628490004100661500016100702546004000863650002200903650002500925651001000950856005700960EG-GICUC20260510185824.0260419s1995 nyu||||fr|||| 00| 0 eng d aEG-GiCUCbengcEG-GiCUCdEG-GiCUCerda aenghenghfre04221a341.511bIN.N kInternational Court Of JusticeeAuthor. aNottebohm Case (Liechtenstein v. Guatemala) : bJudgments Of November 18th, 1953, And April 6th, 1955 .nVol.2 : pOral arguments.-Documents. Correspondence /cInternational Court Of Justice .1 aAFFAIRE NOTTEBОНМ (LIECHTENSTEIN c. GUATEMALA : bARRÊTS DU 18 NOVEMBRE 1953 ET DU 6 AVRIL 1955 . aNether Land : bInternational Court Of Justice ,c1953 . a708 pages ,c24 cm 2rda contentatext 2rda mediaaComputer 2rda carrieraOnline Resource aPleadings, Oral Arguments, Documents aIncludes Index Pages 664-692. The book is written in two languages, English and French, with each page translated from English to French in the front page. aParallel text in English and French1 aInternational law1 aInternational courts1 2qrmak40uhttps://fll.law.cu.edu.eg/fulltext/bks/B11-07179.pdf